Countries starting with P - Statistics

General Stats
  • This quiz has been taken 27 times
  • The average score is 8 of 10
Answer Stats
Answer % Correct
Pakistan
93%
Peru
89%
Philippines
85%
Palau
78%
Panama
78%
Paraguay
78%
Poland
74%
Portugal
74%
Papua New Guinea
70%
Palestine
33%
No matching quizzes found
Score Distribution
Percent of People with Each Score
Percentile by Number Answered
Your Score History
You have not taken this quiz